000 01020cam a2200325 a 4500
001 11804
003 BD-RjUL
005 20211208235202.0
008 140127r19631951enkac b 001 0 eng
035 _a(BD-RjUL)11853
040 _aBD-RjUL
_beng
_cBD-RjUL
_dBD-RjUL
041 _aeng
082 0 4 _216
_a576.8
_bSHM 1963
090 _aQH349
_b.S5 1975
100 1 _aSherrington, Charles Scott,
_d1857-1952.
_936560
245 1 0 _aMan on his nature /
_cby Sir Charles Sherrington.
250 _a2nd ed.
260 _aCambridge :
_bCambridge University Press,
_c1951 [reprinted 1963].
300 _a300 p. :
_bill. ;
_c22 cm.
490 1 _aGifford lectures ;
_v1937-8
500 _aPrevious ed.: 1940.
504 _aIncludes bibliographical references and index.
600 1 0 _aFernel, Jean,
_d1497-1558.
_936570
650 0 _aLife (Biology).
_926530
650 0 _aHuman beings.
_936562
650 0 _aMind and body.
_936563
830 0 _v1937-8
_936571
830 0 _aGifford lectures ;
_936572
942 _2ddc
_cBK
999 _c11804
_d11804